Normal view MARC view
  • Traven, Bruno,

Entry Nombre Personal

Number of records used in: 19

001 - NUMERO DE CONTROL

  • campo de control: 29464

003 - IDENTIFICADOR DE NUMERO DE CONTROL

  • campo de control: UPN

005 - FECHA Y HORA DE LA ÜLTIMA TRANSACCIÓN

  • campo de control: 20220825113938.0

008 - DATOS DE LONGITUD FIJA

  • campo de control de longitud fija: 220825nn acannaabn n aaa d

035 ## - NUMERO DE CONTROL

  • Número de control: UPN11000001570

040 ## - FUENTE DE CATALOGACIÓN

  • Lenguaje de catalogación: SPA
  • Agencia de transcripción: UPN
  • Agencia original de catalogación: UPN

053 #4 - NÚMERO DE CLASIFICACIÓN LC

  • Número de clasificación elemento-número único o número inicial de tramo: PT3919.T7

100 1# - ENCABEZAMIENTO - NOMBRE PERSONAL

  • Nombre personal: Traven, Bruno,
  • Fechas asociadas con el nombre: 1890-1969

400 1# - VEÁSE - NOMBRE DE PERSONA

  • Personal name: Torvan, Traven Croves,
  • Dates associated with a name: 1890-1969

500 1# - MENCIÓN DE REFERENCIA “VÉASE ADEMÁS”- NOMBRE DE PERSONA

  • Personal name: Feige, Otto,
  • Relator term: 1890-1969

670 ## - FUENTE EN LA QUE SE LOCALIZARON DATOS

  • Cita de la fuente: T
  • Información localizada: Diccionario Porrúa de historia, biografía y geografía de México

680 ## - NOTA PUBLICA DE ACCESO PÚBLICO

  • Frase explicativa de la referencia: Montador mecánico, actor y novelista alemán nacionalizado estadounidense y fallecido en México

902 ## - CATALOGADOR

  • Catalogador: DAA/050608